000 00497nam a2200133 a 4500
008 120416s1986 ||||||||||||||||| || u
050 _aHT 169.G7 Con
100 _aWillis, K. G
245 1 0 _aContemporary issues in town planning
_cedited by K.G. Willis
260 _aAldershot
_bGower
_c1986
300 _aix, 211p. : ill
350 _a0.00
995 _D0.00
_FCBU-MAIN LIBRARY (Kitwe)
_H1
_I21.00
_UAVAILABLE
_ZMain Library Open Access Collection
999 _c38647
_d38647